00523nam a22001697a 450000500170000001000150001702000220003202000250005403500140007903700130009308200060010610000170011224500640012926000670019327000730026030000200033320170823103932.0 aENG-119930 a9386440601c90.00 a9789386440600c90.00 aEN-103462 bDBAB/PUB aS aRoney, Tessy aPolemos :cby Tessy Roneybthe war between life and death / aThrissur (kerala)bGmotivation an imprint of green booksc2017 aGb Building, Civil Lane Road, Ayyanthole,bThrissur (kerala)e680003 a88p.c22cm(pbk)